| 000 | 00880nam a22002177a 4500 | ||
|---|---|---|---|
| 999 |
_c12907 _d12907 |
||
| 003 | AR-CdUCM | ||
| 008 | 190410b ||||| |||| 00| 0 spa d | ||
| 040 |
_aMUNICIPALIDAD PROVINCIAL DEL CUSCO _cBIBLIOTECA MUNICIPAL DEL CUSCO |
||
| 082 |
_23ed. _a370.12 / _bM22 / 1964 |
||
| 100 |
_aMantovani, Juan _9125 |
||
| 245 | _aEducación y vida / | ||
| 260 |
_aBuenos Aires : _bLosada, _c1964. |
||
| 300 |
_a175 páginas ; _c19 cm. |
||
| 440 |
_aBiblioteca del Maestro. _931034 |
||
| 505 | _aContenido: Problemas contemporáneos de filosofía de la educación -- Principios de educación -- Principios y exigencia de vida en al educación -- La educación y el espíritu de independencia -- La educación y el espíritu de comunidad ... | ||
| 650 |
_aEducación _9460 |
||
| 650 |
_aPrincipios _95198 |
||
| 650 |
_aFilosofía _9395 |
||
| 942 |
_2ddc _cLIBROS |
||
| 945 |
_aachl _d2019-04-10 |
||